000 00403nam a2200169Ia 4500
001 3017
003 IN-NITTTR
005 20251114232940.0
008 251113s9999||||xx |||||||||||||| ||eng||
040 _beng
040 _cIN-NITTTR
041 _aeng
082 _a540 G959I
100 _aGupta, S. R.
245 2 _aA textbook of chemistry :
_b for plytechnic student /
_cGupta, S. R.
942 _2ddc
_cBK
999 _c4904
_d4904